Pays commencent par la lettre A - Statistiques

Statistiques générales
  • Ce quiz a été pris 593 fois
    591 depuis la dernière actualisation
  • Le résultat moyen est 11 sur 14
Statistiques - réponses
Réponse % Correct
Albanie
88%
Algérie
87%
Allemagne
85%
Australie
85%
Arménie
84%
Andorre
82%
Autriche
81%
Afghanistan
79%
Angola
78%
Argentine
78%
Azerbaïdjan
75%
Afrique du sud
72%
Arabie Saoudite
69%
Antigua-et-Barbuda
60%
Aucun quiz correspondant
Distribution des résultats
% des personnes avec chaque résultat
Percentile par nombre de réponses
Votre historique - résultats
Vous n’avez pas pris ce quiz depuis la dernière actualisation